| 000 | 00369nam a2200157Ia 4500 | ||
|---|---|---|---|
| 008 | 160316s9999 xxu||||| |||| 00| 0 eng d | ||
| 082 |
_a331.310000 _bCOM |
||
| 100 | _a | ||
| 245 | _aComparative table of legislation on child labour | ||
| 250 | _a | ||
| 260 |
_a _b _c0 |
||
| 300 |
_a16 _b _c |
||
| 365 | _b | ||
| 650 | _a1. Child labour - legislation | ||
| 700 |
_a _a |
||
| 999 |
_c40072 _d40072 |
||